000 00961nam a2200241Ia 4500
003 OSt
005 20250710110159.0
008 191128s1991 ck a jr 000 f spa d
020 _a9580413851
040 _aCO-JMCR
_cCO-JMCR
041 _aspa
082 0 4 _aN
_bEHMm
100 _aEhm, Christine,
_eautora
_96861
245 1 3 _aEl misterio del punto ciego /
_cChristine Ehm; traducción Juan Fernando Esguerra; ilustraciones de Christophe Rouil
260 _aBogotá :
_bNorma,
_c1991
300 _a191 páginas :
_bilustraciones a blanco y negro ;
_c19 cm.
490 0 _aTorre de papel azul
520 _aAl bajar la escalera, Gran Lu se parte una pierna. Un extraño médico de lentes oscuros lo atiende y le dice que debe quedarse quieto y tranquilo en su cama para que la pierna sane.
650 1 4 _aNovela juvenil
_96862
700 _aEsguerra, Juan Fernando,
_etraductor
_96863
700 _a Rouil, Christophe,
_eilustrador
_96864
942 _2ddc
_cBK
999 _c3337
_d3337